000 00245nam a2200097Ia 4500
001 692095
005 20250826161848.0
008 250824s9999 xx 000 0 und d
245 0 _aMAZİYE BİR BAKIVER
_cDURSUN GÜRLEK
260 _bTİMAŞ YAYINLARI
999 _c692095
_d692095